00391nam a2200145Ia 4500008004100000020001500041041001200056082001600068100001400084245007100098260003900169300000800208650001600216700001300232221030s9999 xx 000 0 und d a817808046X aEnglish a105.23bAho aA. V. Aho 0aCompilers : Principles, Techniques & Toolscby A. V. Aho, R. Sethi bPearson EducationaNew Delhic2002 a764 aBE Computer aR. Sethi